The Special Theory of Relativity : Foundations, Theory, Verification, Applications /

Contenido: 1) Introducción histórica; 2) Prolegomena; 3) Cinemática relativista; 4) Aplicaciones de la cinemática relativista; 5) Fenómenos ópticos; 6) Dinámica relativista; 7) Aplicaciones de la dinámica relativista; 8) El espacio-tiempo de Minkowski y los cuatro vectores; 9) Electromagnetismo; 10)...

Volledige beschrijving

Bewaard in:
Bibliografische gegevens
Hoofdauteur: Christodoulides, Costas (autor)
Formaat: Onbekend
Taal:Engels
Gepubliceerd in: Cham, Suiza : Springer, 2016, c2016
Reeks:(Undergraduate Lecture Notes in Physics)
Onderwerpen:
Online toegang:Ver documento en línea
Tags: Voeg label toe
Geen labels, Wees de eerste die dit record labelt!

MARC

LEADER 00000c**#a2200000ua#4500
001 000407904
005 20251023000000.0
009 20260310121938.444
020 |a 978-3-319-25274-2 
037 |a Acervo ITESO - Biblioteca 
041 |a ING 
082 |a 530. 11  |b CHR 
100 |a Christodoulides, Costas  |e (autor) 
245 1 4 |a The Special Theory of Relativity :  |b Foundations, Theory, Verification, Applications /  |c C. Christodoulides. 
264 4 |a Cham, Suiza :  |b Springer,  |c 2016, c2016 
300 |a 1 libro electrónico en línea (XVII, 480 p.) 
300 |a 1 recurso en línea 
336 |a datos para computadora  |b cod  |2 rdacontenido 
337 |a computadora  |b c  |2 rdamedio 
338 |a recurso en línea  |b cr  |2 rdasoporte 
440 1 |a (Undergraduate Lecture Notes in Physics) 
500 |a Traducción de: Eidiki theoria tis sxetikotitas kai oi efarmoges tis 
520 |a Contenido: 1) Introducción histórica; 2) Prolegomena; 3) Cinemática relativista; 4) Aplicaciones de la cinemática relativista; 5) Fenómenos ópticos; 6) Dinámica relativista; 7) Aplicaciones de la dinámica relativista; 8) El espacio-tiempo de Minkowski y los cuatro vectores; 9) Electromagnetismo; 10) Experimentos. 
649 |a XX 
650 |a Relatividad Especial (Física) -  |x Tema Principal 
650 |a Relatividad (Física) 
650 |a Espacios Generalizados 
650 |a Cinemática 
650 |a Dinámica 
650 |a Optica 
650 |a Física 
856 4 0 |u https://link-springer-com.ezproxy.iteso.mx/content/pdf/10.1007%2F978-3-319-25274-2.pdf  |y Ver documento en línea 
910 |a Fondo General 
920 |a Electrónicos - Libros en Línea 
930 |a Plataforma Digital 
905 |a 205 
901 |a 407904-1  |b IT2  |c EBO  |u 20250521 
902 |a https://opac.biblio.iteso.mx/vufind/Record/000407904